00858nam a2200241 a 450000100060000000300080000600500170001400800410003103500190007204000530009104100080014408200280015210000290018024500760020926000520028530000340033749000900037150000200046165000360048165000210051765100220053883000560056072578BD-RjUL20211209082259.0170521s1950 ilub 001 0 eng  a(BD-RjUL)72796 aDLCcODaWUdOCoLCdUkdIRoRVCdDLCdBD-RjULbeng aeng 223a972.00498bREV 19501 aRedfield, Robert,d1897-12aA village that chose progress :bChan Kom revisited /cRobert Redfeild. aChicago :bUniversity of Chicago Press,cc1950. axiv, 187 p. :bill. ;c22 cm.1 aThe University of Chicago publications in anthropology. Social anthropological series aIncludes index. 0aMayasxSocial life and customs. 0aMayasxReligion. 0aChan Kom (Mexico) 0aUniversity of Chicago publications in anthropology.